000 00325nam a2200133Ia 4500
005 20260328104336.0
008 260328s9999||||xx |||||||||||||| ||und||
100 _aLowry, Bates
245 0 _aRenaissance Architecture /
_cBates Lowry
260 _bGeorge Brazilier
300 _a127 p.
650 _aARQUITECTOS
942 _cBK
999 _c11903
_d11903